01000 2200325 4500001002100000005001700021008004100038020002200079035002400101040001200125041000800137082001700145084001700162090001900179100003600198245017100234250001100405260003000416300003200446440002800478650002300506700001900529700001400548700002200562700002400584850001200608990001800620990001800638990001800656INLIS00000000003182720171023100414.0  a978-602-242-982-1 0010-101700000000505 aYOPDYOG0 aind042[23]a028.55 a028.55 Nab P aK 028.55 Nab P0 aNABILAH IZZATI ZAHIRAHd, 2005-1 aPita persahabatanc/ Nabilah Izzati Zahirah; penyunting naskah, Dadan Ramadhan, Saptorini; ilustrasi isi, Agus Willy Kristy; penyunting ilustrasi, Anniez Poetrie Sara aCet. 2 aBandungbDar! Mizanc2016 a109 hlm.b: ilus.c; 21 cm. aKecil-kecil punya karya 4aBacaan kanak-kanak0 aDadan Ramadhan0 aSaptorini0 aAgus Willy Kristy0 aAnniez Poetrie Sara aYOPDYOG a28672-PD/B.17 a28673-PD/B.17 a28674-PD/B.17